ბათუმის შოთა რუსთაველის სახელმწიფო უნივერსიტეტის ბიბლიოთეკა

სამართლის ფილოსოფია / (ბიბ.ჩანაწერი № 56757)

000 -ლიდერი
ფიქსირებული სიგრძის საკონტროლო ველი 01265nam a2200229 4500
003 - საკონტროლო ნომრის იდენტიფიკატორი
საკონტროლო ველი
005 - ბოლო ოპერაციის თარიღი და დრო
საკონტროლო ველი 20190421020025.0
008 - ფიქსირებული სიგრძის მონაცემთა ელემენტები - ზოგადი ინფორმაცია
ფიქსირებული სიგრძის საკონტროლო ველი 190419s2012 ge ||||| |||| 00| 0 geo d
020 ## - წიგნის საერთაშორისო სტანდარტული ნომერი
International Standard Book Number 978994146445
041 ## - ენის კოდი
Language code of text/sound track or separate title geo
080 ## - უნივერსალური ათობითი კლასიფიკაციის ინდექსი
Universal Decimal Classification number 340.12
100 ## - მთავარი ჩანაწერი - პიროვნების სახელი
Personal name ბურჯალიანი, არსენ
9 (RLIN) 221
245 ## - ცნობა სათაურის შესახებ
Title სამართლის ფილოსოფია /
Statement of responsibility, etc არსენ ბურჯალიანი ; რედ.: ირაკლი კალანდია, ალექსქნდრე ალადაშვილი ; საქართველოს ფილოსოფიურ მეცნიერებათა აკადემია.
264 ## - წარმოების, გამოცემის, დისტრიბუციის და სხვა ცნობები
გამოცემის, წარმოების, დისტრიბუციის... ადგილი თბილისი :
გამოცემის, წარმოების, დისტრიბუციის... სახელწოდება carpe diem,
გამოცემის, წარმოების, დისტრიბუციის... თარიღი 2012.
300 ## - ფიზიკური აღწერა
Extent 239 გვ. ;
Dimensions 21 სმ.
653 ## - INDEX TERM--UNCONTROLLED
Uncontrolled term სამართალი
653 ## - INDEX TERM--UNCONTROLLED
Uncontrolled term სამართლის ფილოსოფია
700 ## - ADDED ENTRY--PERSONAL NAME
Personal name კალანდია ,ირაკლი
Relator term რედაქტორი
9 (RLIN) 223
700 ## - ADDED ENTRY--PERSONAL NAME
Personal name ალადაშვილი, ალექსანდრე
Relator term რედაქტორი
9 (RLIN) 224
710 ## - ADDED ENTRY--CORPORATE NAME
Corporate name or jurisdiction name as entry element საქართველოს ფილოსოფიურ მეცნიერებათა აკადემია
9 (RLIN) 225
942 ## - ADDED ENTRY ELEMENTS (KOHA)
Source of classification or shelving scheme
Koha item type წიგნი
ეგზემპლარები
ჩამოწერის სტატუსი დაკარგული ეგზემპლარის სტატუსი კლასიფიკაციის წყარო ან თაროზე გაწყობის სქემა დაზიანების სტატუსი არ გაიცემა მუდმივი მდებარეობა (დაცვის ადგილი) ამჟამინდელი ადგილსამყოფელი თაროზე განთავსების ადგილი შეძენის თარიღი ღირებულება, შესყიდვის ნორმალური ფასი ინვენტარის ნომერი სრული შენახვის შიფრი შტრიხკოდი ბოლო ოპერაციის თარიღი ფასის ძალაში შესვლის თარიღი ეგზემპლარის სახეობა საჯარო შენიშვნა
          ბათუმის შოთა რუსთაველის სახელმწიფო უნივერსიტეტის მთავარი ბიბლიოთეკა ბათუმის შოთა რუსთაველის სახელმწიფო უნივერსიტეტის მთავარი ბიბლიოთეკა წიგნსაცავი 2019-04-19 11.00 27751 340.12 ბ-97 26751 2019-04-19 2019-04-19 წიგნი 11 ლ.
          ბათუმის შოთა რუსთაველის სახელმწიფო უნივერსიტეტის მთავარი ბიბლიოთეკა ბათუმის შოთა რუსთაველის სახელმწიფო უნივერსიტეტის მთავარი ბიბლიოთეკა წიგნსაცავი 2019-04-19 11.00 26750 340.12 ბ-97 26750 2019-04-19 2019-04-19 წიგნი 11 ლ.